000 01413nam a2200433 a 4500
001 000004646
003 DO-SdBNP
005 20180326154341.0
007 000004646
008 090724s1997 dr a 001 0 spa d
040 _aBPMSU
_bspa
_cBPMSU
082 4 _a361.80
_bC379t
110 2 _aCentro Cultural Poveda.
245 1 0 _aTalleres de animación sociocultural /
_cMonserrat Bobés í Solá...[et.al]
260 _aSanto Domingo :
_bCentro Cultural Poveda,
_c1997.
300 _a69 p. :
_bil. ;
_c27 cm.
440 0 _aCuadernos de Sociedad y Educación
_n7
504 _aIncluye bibliografía y notas al pie de páginas.
504 _aBibliografía: p. 66-69.
650 4 _aANIMACIÓN CULTURAL
650 4 _aPARTICIPACIÓN CULTURAL
650 4 _aDESARROLLO DE LA COMUNIDAD
650 4 _aDINÁMICA DE GRUPOS
650 4 _aPARTICIPACIÓN SOCIAL
700 1 _aBobés í Solá, Monserrat
700 1 _aCachofeiro Ramos, María del Pilar
700 1 _aFrutos Dachs, María Isabel de
700 1 _aEdo í Ximénes, María Neus
700 1 _aKlein Bosquet, Oliver
700 1 _aPastó í Serra, Blanca
910 _aValidado. Control de calidad EMS
930 1 _l
_m
_h
_8
_f
_p
_g
942 _2ddc
_cBK
945 _aRemanejado para la BNPHU / VM
956 _a
_b
_c
_l
_h
956 _a
_b
_c
_l
_h
956 _a
_b
_c
_l
_h
956 _aVMATEO
_b10
_c20150428
_lBPMSU
_h00151
999 _c7743
_d7743